Statistics for Born in Burnaby/British Columbia

Click here to take the quiz!

General Stats

  • This quiz has been taken 8 times
  • The average score is 4 of 7

Answer Stats

HintAnswer% Correct
Soccer player and the world's all-time leader for international goals scored for men or women1983Christine Sinclair
86%
Singer, "It's a Beautiful Day" "Sway" "Haven't Met You Yet"1975Michael Bublé
86%
Hockey Hall of Fame member and former center who played for the Quebec Nordiques/Colorado Avalanche1969Joe Sakic
71%
Actress, best known for her role as Trinity in "The Matrix"1967Carrie-Anne Moss
57%
Premier of British Columbia from 2011 to 20171965Christy Clark
43%
Centre and alternate captain for the Edmonton Oilers1993Ryan Nugent-Hopkins
43%
Baseball left fielder for the St. Louis Cardinals and winner of two Gold Glove Awards1995Tyler O'Neill
14%

Score Distribution

Percentile by Number Answered

Percent of People with Each Score

Your Score History

You have not taken this quiz